History Quiz

Random History or City Quiz

World cities that have been destroyed Quiz Stats

 Plays Quiz not verified by Sporcle

Support Sporcle.
Go Orange.
Score 0/36 Timer 05:00
0 Plays Today
Country, Year, Cause City % Correct
UK, 1666, FireLondon
92%
Italy, 64AD, FireRome
86.3%
Italy, 79AD, VolcanoPompeii
83.5%
Netherlands, 1452, FireAmsterdam
81.8%
Canada, 1849, FireToronto
75.6%
USA, 1814, Fire caused by warWashington
74.5%
Japan, 1945, Atomic BombingsHiroshima and Nagasaki
70.7%
Portugal, 1755, Earthquake, Fire, and TsunamiLisbon
66.2%
USA, 2005, Hurricane and FloodNew Orleans
65.3%
UK, 1940, BombingsLondon
64.4%
USA, 1906, Earthquake and ensuing FireSan Francisco
63.9%
Japan, 1945, Non-Atomic BombingsTokyo
58.8%
USA, 1871, FireChicago
57.8%
Ukraine, 1986, Nuclear MeltdownChernobyl
56.2%
USA, 1864, Fire Caused by warAtlanta
55.9%
Germany, 1945, BombingsDresden
48.6%
Romania, 1977, EarthquakeBucharest
41.7%
Canada, 1886, FireVancouver
39.5%
Country, Year, Cause City % Correct
Nigeria, 2002, Explosion and FireLagos
38.5%
China, 1894, FireShanghai
35.7%
Germany, 1943, BombingsHamburg
32.6%
China, 1878, FireHong Kong
31.1%
Canada, 1904, FireToronto
28.1%
Japan, 1995, EarthquakeKobe
27.2%
USA, 1900, HurricaneGalveston
26.5%
Belize, 1961, HurricaneBelize City
18.9%
USA, 1872, FireBoston
13.6%
Canada, 1917, ExplosionHalifax
12%
USA, 1889, Dam BreakJohnstown
11.1%
USA, 1865, Fire Caused by warColumbia
8.7%
USA, 1921, RiotsTulsa
3.8%
Montserrat (UK), 1995, VolcanoPlymouth
3.6%
USA, 1902, FireBaltimore
2.3%
USA, 1901, FireJacksonville
1.5%
USA, 1917, FireAtlanta
1.3%
USA, 1913, FloodDayton
1.3%

You're not logged in!

Compare scores with friends on all Sporcle quizzes.
OR
Log In

From the Vault

State Capital Ending Trio Pairs

by sproutcm

There are only 50 state capitals, couldn't they have been more imaginative with their names?
Remove Ads.
Support Sporcle.
Get the best of Sporcle when you Go Orange. This ad-free experience offers more features, more stats, and more fun while also helping to support Sporcle. Thank you for becoming a member.

Show Comments

Extras

Top Quizzes Today


Score Distribution

Your Account Isn't Verified!

In order to create a playlist on Sporcle, you need to verify the email address you used during registration. Go to your Sporcle Settings to finish the process.

Report this User

Report this user for behavior that violates our Community Guidelines.

Details: